000 00730nam a2200241Ia 4500
003 OSt
005 20220926021003.0
006 a|||||r|||| 00| 0
007 ta
008 220923b |||||||| |||| 00| 0 eng d
037 _cGeneral Book
040 _aRTL
_cRTL
_beng
041 _2eng
_aeng
082 _aU2154:(G:5).7343.N8, M4
100 _aLewis William M
_9325518
245 0 _aEutrophieation and land use
_b Lake Dillon, Colorad
260 _aNew York
_bSpringer-Verlag U S A
_c1984
300 _ax,202p. Bib p. 193-98
_ccm.
490 _aEcological Studies. 46
650 _aGeomorphology
942 _hU2154:(G:5).7343.N8, M4
_cGB
_2CC
999 _c635376
_d635376